Imperialismus - Quiz - Statistiken

Allgemein
  • Dieses Quiz wurde 295 mal gespielt
    266 seit der letzten Aktualisierung
  • Das Durchschnittsergebnis liegt bei 5 aus 15
Antwortstatistiken
Frage Antwort % Korrekt
Welcher Kontinent wurde als "dunkler Kontinent" bezeichnet? Afrika
84%
Wann war das Zeitalter des Imperialismus? {19.} Jahrhundert
83%
Von welchem lateinischen Begriff stammt das Wort "Imperialismus"? imperare
78%
Welche afrikanischen Länder wurden nie wirklich kolonisiert? Äthiopien
45%
Was heißt dieses Wort auf deutsch? herrschen
43%
Welches Reich war am bedeutendsten? Britisches Weltreich
40%
Welche afrikanischen Länder wurden nie wirklich kolonisiert? Liberia
36%
Ergänze den Satz: Die europäischen sagten, "nur die __________ _______ können überleben". mächtigsten
24%
In welcher Konferenz einigten sich die Kolonialmächte, wie sie Afrika aufteilen? Kongo-Konferenz
22%
Welche Macht- und Einflussbereiche wollten die Kolonialmächte ausdehnen? Wirtschaft
18%
Wie wird diese Theorierichtung genannt? Sozialdarwinismus
17%
Welche Macht- und Einflussbereiche wollten die Kolonialmächte ausdehnen? Militär
11%
Welche Macht- und Einflussbereiche wollten die Kolonialmächte ausdehnen? Politik
11%
Welche Revolution war Voraussetzung für die Besiedlung der Europäer? Industrialisierung
7%
Ergänze den Satz: Die europäischen sagten, "nur die __________ _______ können überleben". Völker
6%
Keine übereinstimmenden Quizze gefunden
Verteilung der Resultate
Anzahl Personen mit jedem Resultat
Perzentil nach korrekt beantworteten Fragen
Ihre Resultats-Entwicklung
Sie haben dieses Quiz seit der letzten Aktualisierung nicht gespielt